000 00385nam a2200157Ia 4500
008 231217s9999 xx 000 0 und d
041 _aEnglish
082 _a001.6424UNI KSO;1
100 _aKSOU
245 0 _aUnix and shell programming
260 _c2008
_bKSOU
_aMysore
300 _a151
500 _aContent page available
650 _aUnix,shell,programming
942 _cAA
999 _c183033
_d183033